000 00572nam a2200193 a 4500
005 20220812063812.0
008 030514s1999 mx r 000 0 spa d
020 _a8477381445
035 _aUPN01000124080
049 _aCG
050 4 _aJL966
_bM3.2
100 1 _aMalamud, Carlos
245 1 0 _aAmerica Latina, Siglo XX :
_bla búsqueda de la democracia /
_cCarlos Malamud.
260 _aMadrid :
_bSíntesis,
_c1999.
300 _a170 p.
440 0 _aHistoria universal contemporánea ;
_v21
651 4 _aAmérica Latina
_xPolítica y gobierno
_91083
905 _aLibro
999 _c96259
_d96259